| 000 | 01155nam a2200301Ia 4500 | ||
|---|---|---|---|
| 001 | ebr10312801 | ||
| 003 | CaPaEBR | ||
| 006 | m u | ||
| 007 | cr cn||||||||| | ||
| 008 | 040526s2004 mau sb 001 0 eng d | ||
| 010 | _z 2004052296 | ||
| 020 | _z9780674025738 | ||
| 020 | _z0674015339 (alk. paper) | ||
| 040 |
_aCaPaEBR _cCaPaEBR |
||
| 035 | _a(OCoLC)608920641 | ||
| 050 | 1 | 4 |
_aK230.S627 _bL39 2004eb |
| 100 | 1 |
_aSmith, Steven D. _q(Steven Douglas), _d1952- |
|
| 245 | 1 | 0 |
_aLaw's quandary _h[electronic resource] / _cSteven D. Smith. |
| 260 |
_aCambridge, Mass. : _bHarvard University Press, _c2004. |
||
| 300 | _axiv, 206 p. | ||
| 504 | _aIncludes bibliographical references (p. 181-202) and index. | ||
| 533 |
_aElectronic reproduction. _bPalo Alto, Calif. : _cebrary, _d2009. _nAvailable via World Wide Web. _nAccess may be limited to ebrary affiliated libraries. |
||
| 650 | 0 |
_aLaw _xPhilosophy. |
|
| 650 | 0 | _aRule of law. | |
| 655 | 7 |
_aElectronic books. _2local |
|
| 710 | 2 | _aebrary, Inc. | |
| 856 | 4 | 0 |
_uhttp://site.ebrary.com/lib/rucke/Doc?id=10312801 _zAn electronic book accessible through the World Wide Web; click to view |
| 999 |
_c163130 _d163130 |
||